02277nam a2200181 u 4500001001000000003000900010005001700019007000300036008004100039020001800080040002500098082001300123245005000136260007200186300002800258505178900286700002002075000027249DO-SdBNP20250218095630.0ta100810s2010 dr r 000 0 spa d a9789945870770 aDO-SdBNPbspacBNPHU 4bC71922200aColoquios 2009 /cÁngel Ortega ... [et al]. aSanto Domingo :bDirección Nacional de la Feria del Libro.c2010. a240 p. :bil. ;c23 cm.0 aMujer y literatura: personajes y género en los cuentos de Clarice Lispector/ Ángel Ortega --- Juan Bosch, el historiador/ Jesús Méndez Jiminián -- Una década de narrativa en la literatura infantil y juvenil dominicana (1981-1990)/Juilo Cuevas -- El concretismo y la poesía brasileña/ Enrique Eusebio -- Las novelas de Juan Bosch vistas por un novelista/ Manuel Salvador Gautier -- Doña Flor y dos maridos o la sublimidad de lo común/ Sélvido Candelaria -- Literatura brasileña en el contexto de las letras latinoamericana/Sélvido Candelaria -- Trazos acerca de la oralidad en un cuento de Joao Guimareas Rosa/ José Enrique García -- El concretismo brasileño y su lingüístico/Plinio Chahín -- Bosch, sus cuentos y la memoria/Armando Almánzar R. -- Bosch y el cuento/Arturo Rodríguez Fernández-- Entre el taller literario César Vallejo y la Generación de 80/Juan Byron -- Juntacadáveres: consolidación de la saga onettiana/Nan Chevalier -- el pozo de Onetti/ Máximo Vega -- El César Vallejo y los ochenta: una historia desigual/ César Zapata -- Clarice Lispector o la imposibilidad de sofocar la ternura del espanto/ Ángela Hernández -- La música brasileña en la sala puertorriqueña/Alberto Martínez-Márquez -- Juan Bosch: ensayismo democrático, práctica histórico-política y vertiente cultural/Odalís G. Pérez -- Hilda Hilst abandona la vida disonante para comprender la música de la muerte/Cristiane Grando -- Juan Carlos Onetty y los territorios del cuento hispanoamericano/ Eugenio Camacho -- Nostalgia, ironía y huellas semiautobiográficas en La Mañosa/Eugenio García Cuevas -- Juan Bosch: el cuentista/Clara Jorge -- La música brasileña: memoria de un dominicana/José G. Guerrero.1 aOrtega, Ángel